国旗ぬりえパズル #1 - Statistics

General Stats
  • This quiz has been taken 1,592 times
  • The average score is 4 of 6
Answers on the Map
Answers color-coded by a green-red scale on the quiz's map according to % correct below.
 
Answer Stats
Answer % Correct
92%
69%
68%
65%
黄色
63%
54%
No matching quizzes found
Score Distribution
Percent of People with Each Score
Percentile by Number Answered
Your Score History
You have not taken this quiz